000
00359nam a2200133Ia 4500
008
151001s9999||||xx |||||||||||||| ||und||
100
_a
मालती प्रकाश
245
_a
क्या चांद पानी भरेगा
250
_a
1
260
_b
अभिव्यक्ती
260
_c
2012
300
_a
104
365
_b
21
999
_c
999476
_d
999473